Spartak Moscow Squad 2024-2025 - Statistics

General Stats
  • This quiz has been taken 13 times
  • The average score is 20 of 30
Answer Stats
# Position Nation Player % Correct
35 MF Luxembourg Christopher Martins
100%
8 FW Brazil Marquinhos
100%
7 FW Argentina Pablo Solari
100%
98 GK Russia Aleksandr Maksimenko
88%
- Coach Serbia Dejan Stanković
88%
5 MF Argentina Esequiel Barco
88%
11 FW Trinidad and Tobago Levi García
88%
1 GK Russia Ilya Pomazun
75%
9 FW Costa Rica Manfred Ugalde
75%
47 MF Russia Roman Zobnin
75%
68 DF Russia Ruslan Litvinov
75%
11 FW Jamaica Shamar Nicholson
75%
6 DF Serbia Srđan Babić
75%
77 FW DR Congo Théo Bongonda
75%
57 GK Russia Aleksandr Selikhov
63%
4 DF Paraguay Alexis Duarte
63%
97 DF Russia Daniil Denisov
63%
82 DF Russia Daniil Khlusevich
63%
14 DF Suriname Myenty Abena
63%
12 FW Brazil Willian José
63%
19 FW Paraguay Jesús Medina
50%
22 MF Russia Mikhail Ignatov
50%
18 MF Russia Nail Umyarov
50%
2 DF Moldova Oleg Reabciuk
50%
29 DF Portugal Ricardo Mangas
50%
28 MF Russia Daniil Zorin
38%
25 MF Russia Danil Prutsev
38%
16 GK Russia Aleksandr Dovbnya
25%
17 FW Russia Anton Zinkovskiy
25%
23 DF Russia Nikita Chernov
25%
No matching quizzes found
Score Distribution
Percent of People with Each Score
Percentile by Number Answered
Your Score History
You have not taken this quiz